Spartak Moscow Scorers in 2010s Champions League - Statistics

General Stats
  • This quiz has been taken 47 times
  • The average score is 6 of 14
Answer Stats
Player Nation Gls % Correct
Quincy Promes Netherlands 2
79%
Emmanuel Emenike Nigeria 2
71%
Zé Luís Cape Verde 2
62%
Luiz Adriano Brazil 1
59%
Denis Glushakov Russia 1
47%
Fernando Brazil 1
47%
Ari Russia 3
38%
Lorenzo Melgarejo Paraguay 1
35%
Alex Brazil 1
32%
Rômulo Brazil 1
26%
Ibson Brazil 2
21%
Aleksandr Samedov Russia 1
18%
Nikita Bazhenov Russia 1
15%
Rafael Carioca Brazil 1
15%
No matching quizzes found
Score Distribution
Percent of People with Each Score
Percentile by Number Answered
Your Score History
You have not taken this quiz